000 00387 a2200109 4500
001 ART_11457
005 20260410161857.0
008 260409a
245 1 0 _aEducación y adopción de tecnología agropecuaria en zonas con distinto grado de desarrollo relativo
100 1 _aSonnet, Fernando H.
773 0 _tRevista de Economía
_g- Nº 72 (ene./mar. 1994)
_wREV11077
999 _c25594
_d25594